[Event "Kronborg Chess Open GM 2026"]
[Site "Helsingor"]
[Date "2026.05.16"]
[Round "8.1"]
[White "Pajeken, Jakob Leon"]
[Black "Ostensen, Nicolai Maxime"]
[Result "1-0"]
[WhiteElo "2472"]
[BlackElo "2405"]
[WhiteFideId "12942839"]
[BlackFideId "1546970"]
[EventDate "2026.05.13"]
[EventType "tourn"]
[EventRounds "9"]
[EventCountry "DEN"]
[SourceTitle "Live v Helsingor Chess Club"]

1. Nf3 Nf6 2. c4 e6 3. b3 d5 4. Bb2 b6 5. cxd5 exd5 6. g3 Bd6 7. Bg2 O-O 8. O-O Re8 9. Nc3 a6 10. Rc1 Bb7 11. e3 Nbd7 12. Re1 Ne5 13. d3 Nxf3+ 14. Qxf3 Ra7 15. Qd1 Be5 16. d4 Bd6 17. Re2 h5 18. Rec2 Ra8 19. Qf1 Qe7 20. Bf3 g6 21. Qg2 Rad8 22. Nxd5 Nxd5 23. Bxd5 Bxd5 24. Qxd5 Bxg3 25. Qf3 Bd6 26. d5 Be5 27. Bxe5 Qxe5 28. Rxc7 Qxd5 29. Qxd5 Rxd5 30. R1c6 Rf5 31. Rxb6 Rd8 32. Rc2 Rd1+ 33. Kg2 a5 34. h4 g5 35. Rbc6 gxh4 36. R6c5 Rf6 37. Rxh5 Rg6+ 38. Kf3 Rf6+ 39. Ke2 Rh1 40. Rc8+ Kg7 41. Rch8 Rb1 42. R5h7+ Kg6 43. Rh6+ Kg5 44. Rh5+ Kg6 45. R8h6+ Kg7 46. Rxf6 Kxf6 47. Rxa5 Kg6 48. Kf3 Rg1 49. Ra8 Kg7 50. Ra4 h3 51. Rh4 Ra1 52. Rxh3 Rxa2 53. Rh5 Rb2 54. Rb5 1-0

[Event "Kronborg Chess Open GM 2026"]
[Site "Helsingor"]
[Date "2026.05.16"]
[Round "8.2"]
[White "Kaasen, Tor Fredrik"]
[Black "Kunin, Vitaly"]
[Result "1-0"]
[WhiteElo "2477"]
[BlackElo "2507"]
[WhiteFideId "1516647"]
[BlackFideId "4128737"]
[EventDate "2026.05.13"]
[EventType "tourn"]
[EventRounds "9"]
[EventCountry "DEN"]
[SourceTitle "Live v Helsingor Chess Club"]

1. e4 d6 2. d4 Nf6 3. f3 e5 4. d5 Be7 5. Be3 Nh5 6. c4 Bg5 7. Bf2 O-O 8. Nc3 a5 9. h4 Be7 10. g4 Nf4 11. Nge2 Nd7 12. Qd2 Nc5 13. Nxf4 exf4 14. g5 f6 15. O-O-O b6 16. Bh3 fxg5 17. hxg5 Bxg5 18. e5 Bxh3 19. Rxh3 h6 20. Bxc5 bxc5 21. Ne4 Rf5 22. e6 a4 23. Qc2 Re5 24. Rg1 a3 25. Kb1 Rxe4 26. fxe4 Qf6 27. Re1 axb2 28. e5 Qe7 29. Rg1 Rf8 30. Qd3 dxe5 31. Rh5 f3 32. Rgxg5 e4 33. Qd1 Qxg5 34. Rxg5 hxg5 35. e7 Re8 36. d6 cxd6 37. Qd5+ Kh7 38. Qf7 1-0

[Event "Kronborg Chess Open GM 2026"]
[Site "Helsingor"]
[Date "2026.05.16"]
[Round "8.3"]
[White "Hector, Jonny"]
[Black "Wang, Hao(ZJ)"]
[Result "1/2-1/2"]
[WhiteElo "2408"]
[BlackElo "2426"]
[WhiteFideId "1700090"]
[BlackFideId "8631859"]
[EventDate "2026.05.13"]
[EventType "tourn"]
[EventRounds "9"]
[EventCountry "DEN"]
[SourceTitle "Live v Helsingor Chess Club"]

1. e4 e5 2. Nf3 Nc6 3. d4 exd4 4. Bc4 Bc5 5. Ng5 Nh6 6. Nxf7 Nxf7 7. Bxf7+ Kxf7 8. Qh5+ g6 9. Qxc5 d5 10. O-O dxe4 11. c3 Qd6 12. Qxd6 cxd6 13. cxd4 Be6 14. Nc3 d5 15. f3 exf3 16. Rxf3+ Ke7 17. Bh6 Rhe8 18. Rd1 Kd7 19. h3 b6 20. g4 Na5 21. b3 Rac8 22. Rd2 Nb7 23. Re2 Bg8 24. Re5 Rxe5 25. dxe5 Nc5 26. b4 Ne4 27. Ne2 a5 28. bxa5 bxa5 29. Rb3 a4 30. Rb7+ Rc7 31. Rb8 Rc8 32. Rxc8 Kxc8 33. a3 Kc7 34. Nd4 Kb6 35. Bf8 Ng5 36. Kg2 Ne6 37. Nxe6 Bxe6 38. Kf3 Kb5 39. Kf4 d4 40. Kg5 d3 41. Bb4 h5 42. gxh5 gxh5 43. Kxh5 Bxh3 44. Kg5 Kc4 45. Kf4 Kb3 1/2-1/2

[Event "Kronborg Chess Open GM 2026"]
[Site "Helsingor"]
[Date "2026.05.16"]
[Round "8.4"]
[White "Eugene, Floryan"]
[Black "Chatalbashev, Boris"]
[Result "1/2-1/2"]
[WhiteElo "2489"]
[BlackElo "2530"]
[WhiteFideId "20694784"]
[BlackFideId "2900440"]
[EventDate "2026.05.13"]
[EventType "tourn"]
[EventRounds "9"]
[EventCountry "DEN"]
[SourceTitle "Live v Helsingor Chess Club"]

1. e4 c5 2. Nf3 Nc6 3. Bb5 e6 4. c3 Nf6 5. e5 Nd5 6. O-O Qb6 7. Bc4 d6 8. d4 cxd4 9. cxd4 dxe5 10. dxe5 Qc5 11. Bb3 Na5 12. Bc2 Bd7 13. Nbd2 Rc8 14. Be4 b5 15. Nb3 Nxb3 16. Qxb3 Qc4 17. Bxd5 exd5 18. Be3 Bc5 19. Bxc5 Qxc5 20. Rfd1 O-O 21. Rxd5 Qe7 22. Nd4 Rc5 23. Re1 Rfc8 24. h3 a5 25. e6 Rxd5 26. Qxd5 fxe6 27. Nxe6 Qf7 28. Nf4 Qxd5 29. Nxd5 Rc5 30. Ne3 b4 31. Rd1 Be6 32. b3 Kf7 33. Kf1 a4 34. Rd4 Rc1+ 35. Ke2 Ra1 36. Rd2 axb3 1/2-1/2

[Event "Kronborg Chess Open GM 2026"]
[Site "Helsingor"]
[Date "2026.05.16"]
[Round "8.5"]
[White "Medhus, Vitus Bondo"]
[Black "Sipila, Vilka"]
[Result "0-1"]
[WhiteElo "2406"]
[BlackElo "2471"]
[WhiteFideId "1462547"]
[BlackFideId "505455"]
[EventDate "2026.05.13"]
[EventType "tourn"]
[EventRounds "9"]
[EventCountry "DEN"]
[SourceTitle "Live v Helsingor Chess Club"]

1. Nf3 d5 2. d4 Nf6 3. c4 e6 4. Nc3 c6 5. Bg5 h6 6. Bxf6 Qxf6 7. a3 Bd6 8. e4 Qe7 9. e5 Bc7 10. b3 O-O 11. Bd3 dxc4 12. bxc4 Ba5 13. Qb3 c5 14. O-O cxd4 15. Ne4 Nd7 16. Bc2 Nc5 17. Nxc5 Qxc5 18. Qd3 g6 19. h4 h5 20. Qe4 Rd8 21. Rad1 Bd7 22. Qf4 Bc6 23. Ng5 Rd7 24. g4 hxg4 25. h5 Rf8 26. Qh2 Kg7 27. Bxg6 Bd8 28. Ne4 Qxa3 29. Nf6 fxg6 30. Nxd7 Rf3 31. Ra1 Qc3 32. Rfc1 Qd2 33. Rd1 Qh6 34. Nb8 Rh3 35. Nxc6 Rxh2 36. Kxh2 Qf4+ 37. Kg1 g3 38. Ra2 bxc6 39. Rd3 Bh4 40. fxg3 Bxg3 41. hxg6 a5 42. c5 Qxe5 43. Rf3 Bf4 44. Kg2 Qg5+ 45. Kf1 Qd5 46. Raa3 e5 47. Ke2 a4 48. Kf2 Qxc5 49. Kg2 Qc2+ 50. Rf2 Qe4+ 51. Kf1 d3 52. Raa2 Qh1# 0-1

[Event "Kronborg Chess Open GM 2026"]
[Site "Helsingor"]
[Date "2026.05.17"]
[Round "9.1"]
[White "Sipila, Vilka"]
[Black "Pajeken, Jakob Leon"]
[Result "1/2-1/2"]
[WhiteElo "2471"]
[BlackElo "2472"]
[WhiteFideId "505455"]
[BlackFideId "12942839"]
[EventDate "2026.05.13"]
[EventType "tourn"]
[EventRounds "9"]
[EventCountry "DEN"]
[SourceTitle "Live v Helsingor Chess Club"]

1. e4 e5 2. Nf3 Nc6 3. d4 exd4 4. Nxd4 Nf6 5. Nxc6 bxc6 6. e5 Qe7 7. Qe2 Nd5 8. g3 a5 9. c4 Nb6 10. Bg2 Qe6 11. b3 a4 12. Bb2 Bb4+ 13. Nd2 axb3 14. axb3 Rxa1+ 15. Bxa1 O-O 16. O-O f6 17. Nf3 fxe5 18. Qxe5 Qxe5 19. Nxe5 c5 20. Nd3 d6 21. Nxb4 cxb4 22. Bd4 c5 23. Be3 Bf5 24. Rd1 Rf6 25. Rd2 Kf7 26. h3 Re6 27. g4 Bg6 28. Bc6 h6 29. Kh2 Ke7 30. Kg3 Be4 31. Bb5 Nc8 32. h4 Na7 33. Ba4 Bc6 34. Bxc6 Nxc6 35. h5 Na5 36. Rd3 Nb7 37. f4 Kd7 38. g5 hxg5 39. fxg5 Ke8 40. Kg4 Nd8 41. Bf4 Ke7 42. Kf5 Nc6 43. Kg4 Nd4 44. Rh3 Re4 45. h6 gxh6 46. gxh6 Ne6 47. h7 Rxf4+ 48. Kg3 Rf8 49. h8=Q Rxh8 50. Rxh8 Nd4 51. Kf4 Nxb3 52. Ke4 Nd2+ 53. Kd3 Nf3 54. Ke4 Nd2+ 55. Kd5 b3 56. Rh7+ Kf6 57. Rb7 Kf5 58. Kxd6 b2 59. Kxc5 b1=Q 60. Rxb1 Nxb1 61. Kb6 Nc3 62. c5 Na4+ 63. Kb5 Nxc5 1/2-1/2

[Event "Kronborg Chess Open GM 2026"]
[Site "Helsingor"]
[Date "2026.05.17"]
[Round "9.2"]
[White "Ostensen, Nicolai Maxime"]
[Black "Kaasen, Tor Fredrik"]
[Result "1-0"]
[WhiteElo "2405"]
[BlackElo "2477"]
[WhiteFideId "1546970"]
[BlackFideId "1516647"]
[EventDate "2026.05.13"]
[EventType "tourn"]
[EventRounds "9"]
[EventCountry "DEN"]
[SourceTitle "Live v Helsingor Chess Club"]

1. c4 e5 2. Nc3 d6 3. g3 Be7 4. Bg2 f5 5. Nf3 a5 6. O-O Nf6 7. d4 e4 8. Ng5 h6 9. Nh3 g5 10. f3 exf3 11. exf3 O-O 12. f4 g4 13. Nf2 Re8 14. b3 Bf8 15. Bb2 Bg7 16. Qd3 Nc6 17. Rfe1 Bd7 18. a3 h5 19. d5 Nb8 20. Ne2 Na6 21. Nd4 Nh7 22. Bc3 Nf8 23. Ne6 Bxe6 24. dxe6 Bxc3 25. Qxc3 c6 26. e7 Rxe7 27. Rxe7 Qxe7 28. Re1 Qd8 29. Bf1 Nc5 30. Bd3 Nxd3 31. Nxd3 c5 32. Nf2 b6 33. Qd3 d5 34. Qxf5 dxc4 35. bxc4 Ra7 36. Qxh5 Rg7 37. Nxg4 Qd4+ 38. Kh1 Qc3 39. Nh6+ Kh8 40. Re8 Qc1+ 41. Kg2 Qd2+ 42. Kh3 Qd7+ 43. f5 1-0

[Event "Kronborg Chess Open GM 2026"]
[Site "Helsingor"]
[Date "2026.05.17"]
[Round "9.3"]
[White "Kunin, Vitaly"]
[Black "Hector, Jonny"]
[Result "1/2-1/2"]
[WhiteElo "2507"]
[BlackElo "2408"]
[WhiteFideId "4128737"]
[BlackFideId "1700090"]
[EventDate "2026.05.13"]
[EventType "tourn"]
[EventRounds "9"]
[EventCountry "DEN"]
[SourceTitle "Live v Helsingor Chess Club"]

1. d4 d5 2. c4 c6 3. cxd5 cxd5 4. Nc3 e5 5. dxe5 d4 6. Ne4 Qa5+ 7. Bd2 Qxe5 8. Ng3 Nf6 9. Nf3 Qd5 10. Qb3 Qxb3 11. axb3 Nc6 12. Ra4 Bc5 13. b4 b5 14. Ra1 Be7 15. Rc1 Bd7 16. Nf5 Bxf5 17. Rxc6 Bd7 18. Ra6 Ne4 19. Nxd4 Nxd2 20. Kxd2 Bxb4+ 21. Kc2 Rc8+ 22. Kb3 Bc5 23. e3 O-O 24. Bd3 Rfd8 25. Rd1 g6 26. Be2 Bb6 27. Raa1 a5 28. Nxb5 Be6+ 29. Ka3 Rc2 30. Rxd8+ Bxd8 31. Nd4 Be7+ 32. Ka4 Rxb2 33. Rc1 Ra2+ 34. Kb5 Bd7+ 35. Kc4 Rb2 36. Kc3 Rb6 37. Bc4 a4 38. Kd3 a3 39. Bd5 Bd6 40. f4 Kg7 41. g3 Rb2 42. Rc2 Rb1 43. Ba2 Rd1+ 44. Ke4 Ba4 45. Rc4 Rd2 46. Rxa4 Rxa2 47. Kd5 Bf8 48. Nf3 Rf2 49. Ne5 a2 50. Ra7 Kg8 51. h4 h5 52. Ra8 Rd2+ 53. Kc4 Rg2 54. Nd7 Kg7 55. Nxf8 a1=Q 56. Rxa1 Kxf8 57. Kd4 Rxg3 58. Rh1 Ke7 59. Ke4 Ke6 60. Rh2 f5+ 61. Kd3 Rg1 62. Ke2 Kd5 63. Kf2 Rg4 64. Rh1 Ke6 65. Kf3 Kd5 66. Kf2 Ke6 1/2-1/2

[Event "Kronborg Chess Open GM 2026"]
[Site "Helsingor"]
[Date "2026.05.17"]
[Round "9.4"]
[White "Wang, Hao(ZJ)"]
[Black "Eugene, Floryan"]
[Result "1/2-1/2"]
[WhiteElo "2426"]
[BlackElo "2489"]
[WhiteFideId "8631859"]
[BlackFideId "20694784"]
[EventDate "2026.05.13"]
[EventType "tourn"]
[EventRounds "9"]
[EventCountry "DEN"]
[SourceTitle "Live v Helsingor Chess Club"]

1. Nf3 d5 2. g3 Nf6 3. Bg2 e6 4. O-O Be7 5. c4 O-O 6. b3 d4 7. e3 c5 8. Ne5 Nbd7 9. exd4 cxd4 10. Nd3 a5 11. Na3 Re8 12. f4 Nc5 13. Qc2 Bd7 14. Ne5 Qb6 15. Nxd7 Ncxd7 16. d3 Bxa3 17. Bxa3 Ng4 18. c5 Ne3 19. cxb6 Nxc2 20. Bxb7 Rad8 21. Bd6 Nxa1 22. Rxa1 Nxb6 23. Bc6 Rxd6 24. Bxe8 Nd5 25. Bb5 h6 26. Bc4 Ne3 27. Rc1 Rb6 28. Kf2 g5 29. Kf3 g4+ 30. Ke4 Nf5 31. Rb1 Kg7 32. a3 Kf6 33. b4 axb4 34. Rxb4 Rd6 35. a4 Ne3 36. Bb5 Nf5 37. Bc4 h5 38. a5 Ne3 39. Rb1 Ke7 40. Rb7+ Kf6 41. Rb1 Ke7 42. Rb7+ 1/2-1/2

[Event "Kronborg Chess Open GM 2026"]
[Site "Helsingor"]
[Date "2026.05.17"]
[Round "9.5"]
[White "Chatalbashev, Boris"]
[Black "Medhus, Vitus Bondo"]
[Result "1-0"]
[WhiteElo "2530"]
[BlackElo "2406"]
[WhiteFideId "2900440"]
[BlackFideId "1462547"]
[EventDate "2026.05.13"]
[EventType "tourn"]
[EventRounds "9"]
[EventCountry "DEN"]
[SourceTitle "Live v Helsingor Chess Club"]

1. c4 Nf6 2. Nf3 c5 3. Nc3 g6 4. e4 d6 5. d4 cxd4 6. Nxd4 Nc6 7. Be2 Nxd4 8. Qxd4 Bg7 9. O-O O-O 10. Qd3 a6 11. Bg5 Be6 12. Rac1 b5 13. cxb5 axb5 14. a3 Bc4 15. Qe3 Qa5 16. Bxc4 bxc4 17. Rc2 Rfb8 18. Bxf6 Bxf6 19. Nd5 Kg7 20. Qe2 Rb3 21. Nxf6 Kxf6 22. Qxc4 Rab8 23. f4 Qb6+ 24. Rff2 Kg7 25. g3 h5 26. Kg2 h4 27. gxh4 Rh8 28. f5 Rh6 29. Rcd2 f6 30. Qe6 Qb7 31. Kf1 Rb5 32. fxg6 Rxg6 33. Rg2 Qa6 34. Qxe7+ Kh6 35. Rxg6+ Kxg6 36. Qe8+ Kg7 37. Ke1 Qa5 38. b4 Qb6 39. Rg2+ Rg5 40. Qe7+ Kg8 41. Qe6+ Kg7 42. Qe7+ Kg8 43. Rxg5+ fxg5 44. Qxg5+ Kf7 45. Qd5+ Kg7 46. Ke2 Kf8 47. b5 Ke7 48. a4 Qa5 49. Qd4 Qa8 50. b6 Qg8 51. b7 Qa2+ 52. Qd2 Qc4+ 53. Kf2 Qc5+ 54. Kg2 Qc7 55. Qb2 Qb8 56. Qg7+ Ke6 57. h5 d5 58. Qg6+ Kd7 59. Qf7+ Kc6 60. Qxd5+ Kb6 61. Qb5+ 1-0